In the matter of Nicole Gustafson : report of the Committee on Standards of Official Conduct.

Bibliographic Details
Corporate Author: United States. Congress. House. Committee on Standards of Official Conduct
Format: Government Document eBook
Language:English
Published: Washington : U.S. G.P.O., 2010.
Series:Report / 111th Congress, 2d session, House of Representatives ; 111-690
Subjects:
Online Access:Text version:
PDF version:

MARC

Tag First Indicator Second Indicator Subfields
LEADER 00000cam a2200000 a 4500
001 in00002671921
005 20151202115219.0
006 m d f
007 cr bn|||||||||
008 110106s2010 dcu o f000 0 eng c
035 |a (OCoLC)ocn695387166 
040 |a GPO  |c GPO  |d GPO  |d MvI  |d UtOrBLW 
042 |a pcc 
043 |a n-us--- 
049 |a WWW 
050 1 4 |a KF32  |b .S7 2010g 
074 |a 1008-I (online) 
086 0 |a Y 1.1/8:111-690 
110 1 |a United States.  |b Congress.  |b House.  |b Committee on Standards of Official Conduct. 
245 1 0 |a In the matter of Nicole Gustafson :  |b report of the Committee on Standards of Official Conduct. 
264 1 |a Washington :  |b U.S. G.P.O.,  |c 2010. 
300 |a 1 online resource (ii, 2 pages). 
336 |a text  |b txt  |2 rdacontent 
337 |a computer  |b c  |2 rdamedia 
338 |a online resource  |b cr  |2 rdacarrier 
490 1 |a Report / 111th Congress, 2d session, House of Representatives ;  |v 111-690 
500 |a Title from title screen (viewed on Jan. 6, 2011). 
500 |a "December 17, 2010." 
500 |a Electronic resource. 
610 1 0 |a United States.  |b Congress.  |b House  |x Officials and employees  |x Discipline. 
776 0 8 |i Print version:  |a United States. Congress. House. Committee on Standards of Official Conduct.  |t In the matter of Nicole Gustafson  |h ii, 2 p.  |w (OCoLC)695387638 
776 0 8 |i Microfiche:  |a United States. Congress. House. Committee on Standards of Official Conduct.  |t In the matter of Nicole Gustafson  |h ii, 2 p.  |w (OCoLC)709903443 
810 1 |a United States.  |b Congress.  |b House.  |t Report ;  |v 111-690. 
856 4 0 |3 Text version:  |u http://purl.fdlp.gov/GPO/gpo2822  |t 0 
856 4 0 |3 PDF version:  |u http://purl.fdlp.gov/GPO/gpo2823  |t 0 
999 |a MARS 
999 f f |s a50a4518-57ad-3247-86d8-bbd225ba745b  |i e338f67c-f994-326d-af9b-009a6ebbe57a  |t 0 
952 f f |a Texas A&M University  |b College Station  |c Electronic Resources  |d Available Online  |t 0  |e Y 1.1/8:111-690  |h Superintendent of Documents classification 
998 f f |a Y 1.1/8:111-690  |t 0  |l Available Online